Hovoríme s našimi poprednými strelcami nový olympijský cyklus

Bibliographic Details
Main Authors: Vasek, František (Author, Interviewer), Štafen-Krčmár, Štefan 1939-2006 (Author)
Format: Article
Language:Slovak
Subjects:

MARC

LEADER 00000nab a2200000 ar4500
001 vtls008829642
003 SK-MaSNL
005 20260304232120.0
008 250505c2006 xo |||||||||||000 b|slo
015 |a SNBRB2006/07  |2 snkbucl 
035 |a (uuid)c3086598-7949-482c-aa9e-671c5efdbe35 
035 |a urn:nbn:sk:snk-ab24gj 
035 |a (urnnbn)urn:nbn:sk:snk:ar-a01le6 
038 |a SNKBUCL 
040 |a SNKBUCL  |b slo  |c SNKBUCL  |e AACR2 
041 0 |a slo 
044 |a xo  |c SK 
080 |a 799.31.071  |2 1997 
080 |a 929 Štafen-Krčmár, Štefan  |2 1997 
100 1 |a Vasek, František  |4 aut  |4 ivr  |9 26321 
245 1 0 |a Hovoríme s našimi poprednými strelcami  |b nový olympijský cyklus  |c zhováral sa František Vasek; Štefan Štafen-Krčmár 
300 |b Fotogr. 
600 1 7 |a Štafen-Krčmár, Štefan  |d 1939-2006  |2 snkbucl  |9 88304 
650 0 7 |a športová streľba  |2 snkbucl  |9 29098 
700 1 |a Štafen-Krčmár, Štefan  |d 1939-2006  |4 aut  |4 ive  |9 88304 
773 0 |t Zbrane, strelci a lovci  |g Roč. VII, č. 2 (2006), s. 82-83  |x 1335-5740 
850 |a Slovenská národná knižnica 
852 |a Slovenská národná knižnica 
954 |a odborná, vedecká literatúra pôvodná (slovenská)  |2 lita 
958 |a article27 
958 |a SK 
958 |a BX 
958 |a OND 
958 |a EUIPO 
999 |c 3192113  |d 3194043